| 000 | 00577nam a22002057a 4500 | ||
|---|---|---|---|
| 005 | 20220922135937.0 | ||
| 008 | 220922b ||||| |||| 00| 0 eng d | ||
| 020 | _a9789391527181 | ||
| 040 |
_aIN-DiNC _cIN-DiNC |
||
| 041 | _deng | ||
| 082 |
_a301 _bSAI |
||
| 100 |
_aSaikia, Jyoti Prasad _eauthor |
||
| 245 |
_aIntroduction to sociology: _bpart-I/ _cby Jyoti Prasad Saikia and Suravi Pathak |
||
| 250 | _a1st ed. | ||
| 260 |
_aJorhat: _bBidya bhawan, _c2022. |
||
| 300 | _a361p. | ||
| 650 | _aConcepts of sociology | ||
| 700 |
_aPathak, Suravi _eauthor |
||
| 942 |
_2ddc _cBK |
||
| 999 |
_c11394 _d11394 |
||